Les coureurs du Tour de France 2025 - Statistiques

Statistiques générales
  • Ce quiz a été pris 79 fois
  • Le résultat moyen est 29 sur 176
Statistiques - réponses
Equipe Pays Réponse % Correct
Team Visma Lease a Bike 1 Danemark Jonas Vingegaard
95%
8 Belgique Wout Van Aert
80%
UAE Team Emirates 11 Slovénie Tadej Pogacar
72%
5 France Christophe Laporte
67%
18 Royaume-Uni Adam Yates
64%
Team Jayco AlUla 21 Royaume-Uni Simon Yates
64%
Red Bull Bora Hansgrohe 81 Slovénie Primoz Roglic
63%
Alpecin Deceuninck 101 Pays-Bas Mathieu Van der Poel
53%
3 Etats-Unis Matteo Jorgenson
52%
2 Belgique Tiesj Benoot
50%
12 Portugal Joao Almeida
48%
Cofidis 141 France Guillaume Martin
45%
13 Esapgne Juan Ayuso
44%
15 France Pavel Sivakov
44%
Soudal Quick-Step 71 Belgique Remco Evenepoel
42%
172 Erythrée Biniam Girmay
41%
Groupama FDJ 91 France David Gaudu
41%
106 Belgique Jasper Philipsen
41%
EF Education-EasyPost 111 Équateur Richard Carapaz
41%
Ineos Grenadiers 31 Espagne Carlos Rodriguez
39%
168 Espagne Cristian Rodriguez
39%
32 Colombie Egan Bernal
39%
76 Danemark Casper Pedersen
38%
96 France Lenny Martinez
38%
45 Danemark Mads Pedersen
38%
14 Allemagne Nils Politt
36%
Team dsm-firmenich PostNL 181 France Romain Bardet
36%
Lotto Dstiny 121 Belgique Arnaud De Lie
34%
Decathlon-AG2R La Mondiale 51 Autriche Felix Gall
33%
17 Belgique Tim Wellens
33%
Lidl Trek 41 Italie Giulio Ciccone
31%
Arkéa-B&B Hotels 161 France Kévin Vauquelin
31%
16 Espagne Marc Soler
31%
Movistar Team 151 Espagne Enric Mas
30%
37 Royaume-Uni Geraint Thomas
28%
Astana Qazaqstan Team 191 Royaume-Uni Mark Cavendish
28%
95 France Valentin Madouas
27%
74 Espagne Mikael Landa
25%
36 Royaume-Uni Tom Pidcock
25%
4 Pays-Bas Wilco Kelderman
25%
115 Irlande Ben Healy
23%
66 Slovénie Matej Mohoric
23%
Bahrain Victorious 61 Espagne Pello Bilbao
23%
94 Suisse Stefan Küng
23%
47 Belgique Jasper Stuyven
22%
42 France Julien Bernard
22%
35 Pologne Michal Kwiatkowski
22%
93 France Romain Grégoire
22%
26 Australia Michael Matthews
20%
116 États-Unis Neilson Powless
20%
53 Irlande Sam Bennett
20%
182 France Warren Barguil
20%
85 Luxembourg Bob Jungels
19%
128 Belgique Brent Van Moer
19%
84 Australie Jai Hindley
19%
56 Belgique Oliver Naesen
19%
114 Portugal Rui Costa
19%
113 Suisse Stefan Bisseger
19%
123 Belgique Victor Campenaerts
19%
88 Russie Aleksandr Vlasov
17%
143 France Bryan Coquard
17%
Intermarché-Wanty 171 Afrique du Sud Louis Meintjes
17%
102 Suisse Silvain Dillier
17%
67 Pays-Bas Wout Poels
17%
23 Pays-Bas Dylan Groenewegen
16%
187 Pays-Bas Frank van den Broek
16%
77 Belgique Ilan Van Wilder
16%
33 Espagne Jonathan Castroviejo
16%
64 Colombie Santiago Buitrago
16%
194 Kazakhstan Yevgeniy Fedorov
16%
196 Kazakhstan Alexey Lutsenko
14%
164 France Arnaud Démare
14%
52 France Bruno Armirail
14%
68 Royaume-Uni Fred Wright
14%
146 Espagne Ion Izagirre
14%
92 Luxembourg Kevin Geniets
14%
27 Slovénie Luka Mezgec
14%
144 Allemagne Simon Geschke
14%
136 Canada Hugo Houle
13%
145 Espagne Jesus Herrada
13%
126 Belgique Maxim Van Gils
13%
63 Allemagne Phil Bauhaus
13%
135 Canada Derek Gee
11%
108 Belgique Gianni Vermeersch
11%
134 Danemark Jacob Fuglsang
11%
118 Pays-Bas Marijn van den Berg
11%
197 Danemark Michael Morkov
11%
186 Royaume-Uni Oscar Onley
11%
55 France Paul Lapeira
11%
104 Danemark Soren Kragh Andersen
11%
46 Lettonie Tom Skuijns
11%
112 Italie Alberto Bettiol
9%
148 France Axel Zingle
9%
193 Pays-Bas Cees Bol
9%
178 Allemagne Georg Zimmermann
9%
156 Autriche Gregor Mühlberger
9%
34 Belgique Laurens De Plus
9%
132 Allemagne Pascal Ackermann
9%
97 France Quentin Pacher
9%
Israel-Premier Tech 131 Royaume-Uni Stephen Williams
9%
73 Belgique Yves Lampaert
9%
24 Australia Chris Harper
8%
163 France Clément Champoussin
8%
87 Pays-Bas Danny Van Poppel
8%
54 France Dorian Godon
8%
185 Pays-Bas Fabio Jakobsen
8%
75 Italie Gianni Moscon
8%
198 Colombie Harold Tejada
8%
65 Australie Jack Haig
8%
72 République Tchèque Jan Hirt
8%
137 Letttonie Krists Neilands
8%
167 Italie Luca Mozzato
8%
83 Autriche Marco Haller
8%
117 États-Unis Sean Quinn
8%
152 Espagne Alex Aranburu
6%
147 France Alexis Renard
6%
105 France Axel Laurance
6%
6 Pays-Bas Bart Lemmen
6%
48 Espagne Carlos Verona
6%
133 Canada Guillaume Boivin
6%
174 France Hugo Page
6%
183 Allemagne John Degenkolb
6%
22 Australia Kuje Durbridge
6%
176 Pays-Bas Mike Teunissen
6%
157 Portugal Nelson Oliveira
6%
44 Afrique du Sud Ryan Gibbons
6%
43 Belgique Tim Declercq
6%
38 Royaume-Uni Ben Turner
5%
25 Danemark Christopher Juul Jansen
5%
154 Colombie Fernando Gaviria
5%
86 Italie Matteo Sobrero
5%
58 France Nicolas Prodhomme
5%
62 Allemagne Nikias Arndt
5%
155 Espagne Oier Lazkano
5%
142 Belgique Biet Allegaert
3%
98 France Clément Russo
3%
166 Royaume-Uni Daniel McLay
3%
192 Italie Davide Ballerini
3%
153 Italie Davide Formolo
3%
158 Espagne Javier Romo
3%
107 Belgique Jonas Rickaert
3%
175 Belgique Laurenz Rex
3%
78 Belgique Louis Vervaeke
3%
Uno-X Mobility 201 Danemark Magnus Cort Nielsen
3%
57 France Nans Peter
3%
82 Allemagne Nico Denz
3%
125 Belgique Sébastien Grignard
3%
162 Belgique Amaury Capiot
2%
188 Pays-Bas Bram Welten
2%
28 Pays-Bas Elmar Reinders
2%
177 Belgique Gerben Thijssen
2%
7 Slovénie Jan Traknik
2%
173 Belgique Kobe Goossens
2%
212 France Mathieu Burgaudeau
2%
195 Italie Michele Gazzoli
2%
184 Pays-Bas Nils Eekhoff
2%
165 Espagne Raul Garcia Pierna
2%
103 Belgique Robbe Ghys
2%
205 Norvège Alexander Kristoff
0%
217 France Anthony Turgis
0%
122 Belgique Cédric Bellens
0%
215 France Fabien Grellier
0%
127 Belgique Harm Vanhoucke
0%
138 Royaume-Uni Jake Stewart
0%
124 Australie Jarrad Drizners
0%
206 Norvège Johaness Kulset
0%
202 Norvège Jonas Abrahamsen
0%
216 France Jordan Jegat
0%
218 France Mattéo Vercher
0%
203 Norvège Odd Christian Eiking
0%
207 Norvège Rasmus Tiller
0%
213 France Sandy Dujardin
0%
208 Norvège Soren Waerenskjold
0%
TotalEnergies 211 Belgique Steff Cars
0%
214 France Thomas Gachignard
0%
204 Norvège Tobias Johannessen
0%
Aucun quiz correspondant
Distribution des résultats
% des personnes avec chaque résultat
Percentile par nombre de réponses
Votre historique - résultats
Vous n’avez pas pris ce quiz